Lyrics raten #03 - (deutsch) - Statistiken

Allgemein
  • Dieses Quiz wurde 161 mal gespielt
  • Das Durchschnittsergebnis liegt bei 76 aus 394
Antwortstatistiken
Antworten % Korrekt
Sie
83%
sie
83%
Wir
73%
die
64%
ihr
64%
der
63%
(Ha,
63%
ha,
63%
ha)
63%
(Ha),
63%
(Ha)
63%
se
55%
den
54%
und
54%
is
53%
in
48%
(In
48%
Liebe
48%
liebe
48%
ein
46%
hab'
43%
mein'
43%
wie
43%
für
42%
so
42%
mir
40%
nich
40%
mich,
38%
bin
37%
im
37%
war
36%
wär
36%
mit,
32%
auf
31%
Ja
29%
ja
29%
(Ja)
29%
(Ja,
29%
ja)
29%
(Ja),
29%
ja,
29%
alle
28%
ta-
28%
ta
28%
ta)
28%
ab,
26%
meine
26%
nur
26%
weil
26%
lebe
25%
Nein,
25%
(Nein)
25%
(Nein),
25%
aber
23%
als
23%
dem
23%
von
22%
doch
21%
mach'
18%
Mann
18%
ob
18%
zum
18%
vor
16%
ra-
15%
mein'n
13%
sing'
13%
jetz
12%
muss
12%
fragt
11%
wird
10%
euch)
8%
(Yeah)
8%
brauch'
7%
darf
7%
hält
7%
(Niemals)
7%
Rot-
7%
voll
7%
zwei
7%
Bier
6%
Gleich
6%
Gold)
6%
Ick
6%
ick
6%
ins
6%
(Schwarz-
6%
Schwarz-
6%
Arsch)
5%
Deutschland-
5%
Deutschland
5%
Erste
5%
Glas
5%
macht
5%
Schwanz
5%
(Schwanz)
5%
Tisch
5%
(Wouh),
5%
blasen
4%
Filow
4%
Fotze
4%
höre
4%
Rasenschach
4%
Scheiß'
4%
sitz'
4%
Tanke,
4%
trägt
4%
Absicht
3%
allet
3%
Anpfiff
3%
Chips
3%
dit
3%
Eckige
3%
fackeln
3%
Fettiges
3%
Fliesentisch
3%
Fressen
3%
Frisch
3%
Funny-
3%
Fußball
3%
Glotze,
3%
Hakenkreuz
3%
(Icke),
3%
keen
3%
Klebetattoo
3%
kricht
3%
Nazis
3%
Ölf
3%
(Ölf)
3%
Pimmel
3%
Platz,
3%
Pyrotechnik
3%
Pyrotechnik;
3%
Pyrotechnik)
3%
Runde
3%
spiel'
3%
Stück
3%
töten
3%
Trainingsanzug
3%
trotzdem
3%
Verbrechen
3%
wat
3%
welchet
3%
Bälle
2%
danach
2%
dicht
2%
janz
2%
jekickt
2%
Jesicht
2%
Jold
2%
keene
2%
Keene
2%
Stammtisch
2%
Strophe
2%
unterm
2%
vegan,
2%
161)
1%
(161)
1%
Alarm
1%
Alerta
1%
Atzenvolk
1%
Deutschlandflagge
1%
Ecke)
1%
eenen
1%
Eigentor
1%
einjelocht
1%
einjenetzt
1%
ejal,
1%
Fascho
1%
(Fickt
1%
Frosch
1%
Gündoğan
1%
(Huh),
1%
inne
1%
jekorbt
1%
jeplant
1%
Kahn
1%
Kippen
1%
(Klick-
1%
och
1%
Püppis
1%
ratzevoll,
1%
selber
1%
Socken
1%
spielt
1%
Sport
1%
Walter
1%
(Zigarette),
1%
zwar
1%
Heh,
0%
klack,
0%
(Oli,
0%
(Scheißegal)
0%
(Schland)
0%
Titan)
0%
Keine übereinstimmenden Quizze gefunden
Verteilung der Resultate
Anzahl Personen mit jedem Resultat
Perzentil nach korrekt beantworteten Fragen
Ihre Resultats-Entwicklung
Sie haben dieses Quiz noch nicht gespielt